LEADER 03990nam 2200661Ia 450 001 9910463234003321 005 20200520144314.0 010 $a0-8122-0325-9 024 7 $a10.9783/9780812203257 035 $a(CKB)2670000000418230 035 $a(OCoLC)859160784 035 $a(CaPaEBR)ebrary10748496 035 $a(SSID)ssj0001035198 035 $a(PQKBManifestationID)11556459 035 $a(PQKBTitleCode)TC0001035198 035 $a(PQKBWorkID)11033603 035 $a(PQKB)11355217 035 $a(MiAaPQ)EBC3442107 035 $a(MdBmJHUP)muse29216 035 $a(DE-B1597)449162 035 $a(OCoLC)979576339 035 $a(DE-B1597)9780812203257 035 $a(Au-PeEL)EBL3442107 035 $a(CaPaEBR)ebr10748496 035 $a(CaONFJC)MIL682412 035 $a(EXLCZ)992670000000418230 100 $a20030602d2004 uy 0 101 0 $aeng 135 $aurcn||||||||| 181 $ctxt 182 $cc 183 $acr 200 10$aRace and practice in archaeological interpretation$b[electronic resource] /$fCharles E. Orser, Jr 210 $aPhiladelphia $cUniversity of Pennsylvania Press$dc2004 215 $a1 online resource (319 p.) 225 0 $aArchaeology, culture, and society 300 $aBibliographic Level Mode of Issuance: Monograph 311 $a1-322-51130-6 311 $a0-8122-3750-1 320 $aIncludes bibliographical references (p. [255]-297) and index. 327 $t Frontmatter -- $tContents -- $tList of Illustrations -- $tPreface -- $t1. Problematizing Race in Archaeology -- $t2. The Prehistory of Race and Archaeological Interpretation, Part 1: Inventing Race for Archaeology -- $t3. The Prehistory of Race and Archaeological Interpretation, Part II: Ethnicity over Race -- $t4. Archaeological Interpretation and the Practice of Race -- $t5. Materiality in the Practice of Race -- $t6. A Case Study of Archaeology and the Practice of Race from Early Nineteenth-Century Ireland -- $t7. Race, Practice, and Archaeology -- $tReferences Cited -- $tIndex 330 $aScholars who investigate race-a label based upon real or perceived physical differences-realize that they face a formidable task. The concept has been contested and condoned, debated and denied throughout modern history. Presented with the full understanding of the complexity of the issue, Race and Practice in Archaeological Interpretation concentrates on the archaeological analysis of race and how race is determined in the archaeological record.Most archaeologists, even those dealing with recent history, have usually avoided the subject of race, yet Charles E. Orser, Jr., contends that its study and its implications are extremely important for the science of archaeology. Drawing upon his considerable experience as an archaeologist, and using a combination of practice theory as interpreted by Pierre Bourdieu and spatial theory as presented by Henri Lefebvre, Orser argues for an explicit archaeology of race and its interpretation.The author reviews past archaeological usages of race, including a case study from early nineteenth-century Ireland, and explores the way race was used to form ideas about the Mound Builders, the Celts, and Atlantis. He concludes with a proposal that historical archaeology-cast as modern-world archaeology-should take the lead in the archaeological analysis of race because its purview is the recent past, that period during which our conceptions of race developed. 606 $aArchaeology$xPhilosophy 606 $aRace$xHistory 606 $aEthnoarchaeology 608 $aElectronic books. 615 0$aArchaeology$xPhilosophy. 615 0$aRace$xHistory. 615 0$aEthnoarchaeology. 676 $a930.1/028/5 700 $aOrser$b Charles E$0826108 801 0$bMiAaPQ 801 1$bMiAaPQ 801 2$bMiAaPQ 906 $aBOOK 912 $a9910463234003321 996 $aRace and practice in archaeological interpretation$92458253 997 $aUNINA LEADER 01166nam a2200265 i 4500 001 991001592499707536 008 060419s it 100 0 ita d 020 $a8834846699 035 $ab13396316-39ule_inst 040 $aDip.to Studi Giuridici$bita 082 0 $a340.11 245 00$aAlla ricerca del diritto ragionevole :$besperienze giuridiche a confronto : atti del seminario di Palermo, 11 febbraio 2002 /$ca cura di Simone Pajno e Giuseppe Verde 260 $aTorino :$bG. Giappichelli,$cc2004 300 $aix, 382 p. ;$c23 cm 440 0$aCollana di diritto costituzionale / Dipartimento di diritto pubblico dell'Universita degli studi di Palermo 650 4$aDiritto costituzionale comparato$vCongressi$zPalermo$d2002 650 4$aRagionevolezza$xDiritto 700 1 $aPajno, Simone 700 1 $aVerde, Giuseppe 907 $a.b13396316$b21-09-06$c19-04-06 912 $a991001592499707536 945 $aLE027 340.11 PAJ01.01$g1$i2027000152476$lle027$o-$pE32.00$q-$rl$s- $t0$u2$v0$w2$x0$y.i14239711$z23-05-06 996 $aAlla ricerca del diritto ragionevole$91090712 997 $aUNISALENTO 998 $ale027$b19-04-06$cm$da $e-$fita$git $h0$i0 LEADER 02145aam 2200373 n 450 001 9910874754403321 005 20250618102223 010 $a83-8220-587-9 024 $ahttps://doi.org/10.18778/8220-586-2 035 $a(CKB)5840000000041429 035 $a(ceeol)ceeol1002864 035 $a(CEEOL)1002864 035 $a(EXLCZ)995840000000041429 100 $a20252218d2021 ||l | 101 0 $apol 200 1 $aBezpiecze?stwo pa?stwa a bezpiecze?stwo narodowe Federacji Rosyjskiej. Przyk?ad Republiki Czecze?skiej$fNatasza Duraj 210 $a?ód? [Poland] $cWydawnictwo Uniwersytetu ?ódzkiego$d2021 215 $a1 online resource (1 p. 194) 311 08$a83-8220-586-0 330 $aThe main goal of monograph is to present the issues related to the place of state security in the national security system of the Russian Federation. The work attracted particular attention on legal and organizational solutions introduced in the autonomous entity of the Russian Federation ? the Chechen Republic.The book consists of three main chapters, which were created on the basis of a critical analysis of the literature on the subject related to the issue of broadly understood security of the Russian Federation. The source material was also the Constitution of the Russian Federation amended in 2020, and the Constitution of the Chechen Republic adopted in 2003.In addition, materials from the General Prosecutor?s Office of the Russian Federation, the Ministry of Internal Affairs of the Russian Federation and the Federal Service for the Enforcement of Punishments were used in the work. 606 $aPolitics / Political Sciences 606 $aPolitics 606 $aGeopolitics 615 0$aPolitics / Political Sciences 615 0$aPolitics 615 0$aGeopolitics 700 $aDuraj$b Natasza$01749764 712 02$aCentral and Eastern European Online Library 801 0$bceeol 801 1$bceeol 906 $aBOOK 912 $a9910874754403321 996 $aBezpiecze?stwo pa?stwa a bezpiecze?stwo narodowe Federacji Rosyjskiej. Przyk?ad Republiki Czecze?skiej$94393901 997 $aUNINA